[Event "Aeroflot Open A"]
[Site "Moscow RUS"]
[Date "2011.02.10"]
[Round "3"]
[White "Ding, Liren"]
[Black "Vocaturo, Daniele"]
[Result "1-0"]
[WhiteTitle "GM"]
[BlackTitle "GM"]
[WhiteElo "2628"]
[BlackElo "2570"]
[WhiteFideId "8603677"]
[BlackFideId "813192"]
[EventDate "2011.02.08"]

1. d4 Nf6 2. Nf3 e6 3. c4 c5 4. d5 d6 5. Nc3 g6 6. h3 Bg7 7. e4 O-O 8. Bd3 exd5
9. exd5 Re8+ 10. Be3 Bh6 11. O-O Bxe3 12. fxe3 Qe7 13. e4 Nbd7 14. Qd2 Rf8 15.
Bc2 Nh5 16. Qh6 f6 17. g4 Ng7 18. e5 Nxe5 19. Nxe5 Qxe5 20. Rae1 Qd4+ 21. Kg2 f5
22. Rf4 Qd2+ 23. Re2 Qxf4 24. Qxf4 fxg4 25. Qxd6 gxh3+ 26. Kg1 Bg4 27. Re7 Rad8
28. Qe5 Nh5 29. d6 h2+ 30. Qxh2 Rf4 31. Nd5 Rxc4 32. Qd2 Bf3 33. Qh6 Rg4+ 34.
Kf2 Bxd5 35. Qxh7+ Kf8 36. Qh8+ 1-0

[Event "Aeroflot Open A"]
[Site "Moscow RUS"]
[Date "2011.02.10"]
[Round "3"]
[White "Kosteniuk, Alexandra"]
[Black "Mareco, Sandro"]
[Result "1/2-1/2"]
[WhiteTitle "GM"]
[BlackTitle "GM"]
[WhiteElo "2498"]
[BlackElo "2627"]
[WhiteFideId "4128125"]
[BlackFideId "112275"]
[EventDate "2011.02.08"]

1. e4 c5 2. Nf3 d6 3. d4 cxd4 4. Nxd4 Nf6 5. Nc3 a6 6. Be2 e5 7. Nb3 Be7 8. O-O
O-O 9. a4 Be6 10. Bf3 Nbd7 11. Re1 Rc8 12. Nd2 Qa5 13. Nf1 b5 14. Ne3 Nb6 15.
Bd2 b4 16. Na2 Bxa2 17. Rxa2 d5 18. Nf5 Rfe8 19. Bg5 dxe4 20. Nxe7+ Rxe7 21.
Bxf6 b3 22. Ra1 bxc2 23. Qc1 gxf6 24. Bxe4 Rec7 25. Re2 Nd5 26. g3 Ne7 27. Ra3
Kg7 28. Rxc2 Rxc2 29. Bxc2 Qb4 30. h4 Rc4 31. Qb1 Qd2 32. Rc3 Rxc3 33. bxc3 Nd5
34. Bb3 Nxc3 35. Qf5 Qe1+ 36. Kh2 Ne2 37. Qg4+ Kf8 38. Qc8+ Kg7 39. Qg4+ Kh6 40.
Qf3 Kg7 41. Qg4+ Kh6 42. Qf3 1/2-1/2

[Event "Aeroflot Open A"]
[Site "Moscow RUS"]
[Date "2011.02.10"]
[Round "3"]
[White "Predojevic, Borki"]
[Black "Kotsur, Pavel"]
[Result "1/2-1/2"]
[WhiteTitle "GM"]
[BlackTitle "GM"]
[WhiteElo "2626"]
[BlackElo "2559"]
[WhiteFideId "930849"]
[BlackFideId "13700278"]
[EventDate "2011.02.08"]

1. e4 e6 2. d4 d5 3. Nc3 Nf6 4. e5 Nfd7 5. f4 c5 6. Nf3 Nc6 7. Be3 Be7 8. Qd2
O-O 9. Be2 a6 10. O-O b5 11. Nd1 b4 12. c3 a5 13. Bf2 bxc3 14. bxc3 a4 15. Rb1
Qa5 16. Rb5 Qc7 17. f5 Ba6 18. Rb2 a3 19. Rc2 Qa5 20. Bxa6 Rxa6 21. Qf4 f6 22.
fxe6 fxe5 23. Qd2 Nb6 24. Nxe5 Nxe5 25. dxe5 Qa4 26. Qd3 c4 27. Qe2 Qc6 28. Bd4
Qxe6 29. Rxf8+ Bxf8 30. Qf3 Nd7 31. Rf2 Ra5 32. Ne3 1/2-1/2

[Event "Aeroflot Open A"]
[Site "Moscow RUS"]
[Date "2011.02.10"]
[Round "3"]
[White "Roussel-Roozmon, Thomas"]
[Black "Maletin, Pavel"]
[Result "1/2-1/2"]
[WhiteTitle "GM"]
[BlackTitle "GM"]
[WhiteElo "2500"]
[BlackElo "2621"]
[WhiteFideId "2603659"]
[BlackFideId "4146786"]
[EventDate "2011.02.08"]

1. Nf3 Nf6 2. c4 c6 3. d4 d5 4. e3 Bf5 5. Nc3 e6 6. Nh4 Bg6 7. Be2 Nbd7 8. O-O
Bd6 9. g3 O-O 10. Nxg6 hxg6 11. Qb3 Rb8 12. Rd1 b5 13. c5 Be7 14. f4 Ne8 15. Qc2
a5 16. g4 g5 17. Rf1 Bf6 18. Qd3 Nc7 19. Nb1 a4 20. Nd2 a3 21. Rb1 axb2 22. Rxb2
g6 23. Nf3 gxf4 24. exf4 Bg7 25. f5 exf5 26. gxf5 Qf6 27. Bf4 Rbc8 28. Ne5 Qxf5
29. Qxf5 gxf5 30. Nxd7 Bxd4+ 31. Kh1 Bxb2 32. Rg1+ Bg7 33. Rg3 Rfd8 34. Nf6+ Kf8
35. Nh7+ Kg8 36. Nf6+ Kf8 37. Nh7+ Kg8 38. Nf6+ 1/2-1/2

[Event "Aeroflot Open A"]
[Site "Moscow RUS"]
[Date "2011.02.10"]
[Round "3"]
[White "Iturrizaga, Eduardo"]
[Black "Vorobiov, Evgeny E."]
[Result "1/2-1/2"]
[WhiteTitle "GM"]
[BlackTitle "GM"]
[WhiteElo "2611"]
[BlackElo "2556"]
[WhiteFideId "3901211"]
[BlackFideId "4121341"]
[EventDate "2011.02.08"]

1. d4 d5 2. Nf3 Nf6 3. c4 dxc4 4. e3 e6 5. Bxc4 c5 6. O-O a6 7. a4 Nc6 8. Nc3
Be7 9. Qe2 cxd4 10. Rd1 e5 11. exd4 exd4 12. Nxd4 Nxd4 13. Qe5 Qd6 14. Qxd6 Bxd6
15. Rxd4 Bc5 16. Rd1 O-O 17. h3 Be6 18. Bxe6 fxe6 19. Be3 1/2-1/2

[Event "Aeroflot Open A"]
[Site "Moscow RUS"]
[Date "2011.02.10"]
[Round "3"]
[White "Romanov, Evgeny"]
[Black "Oleksienko, Mikhailo"]
[Result "1/2-1/2"]
[WhiteTitle "GM"]
[BlackTitle "GM"]
[WhiteElo "2606"]
[BlackElo "2552"]
[WhiteFideId "4148843"]
[BlackFideId "4152417"]
[EventDate "2011.02.08"]

1. d4 d5 2. Nf3 Nf6 3. c4 c6 4. Nc3 dxc4 5. a4 Bf5 6. e3 e6 7. Bxc4 Bb4 8. O-O
O-O 9. Qe2 Bg6 10. Ne5 Nbd7 11. Nxg6 hxg6 12. Rd1 Qa5 13. Na2 Bd6 14. Bd2 Qc7
15. g3 e5 16. Nc3 Rad8 17. a5 Rfe8 18. Qf1 a6 19. Rac1 e4 20. Bb3 Nh7 21. f4
exf3 22. Qxf3 Ng5 23. Qg4 Ne6 24. Ne4 Nf6 25. Nxf6+ gxf6 26. Rf1 Qe7 27. h4 Kh7
28. Bc2 Kg7 29. Rf2 Bb4 30. Bxb4 Qxb4 31. Rcf1 Qe7 32. h5 Ng5 33. hxg6 Qxe3 34.
gxf7 Rh8 35. Kg2 Qxd4 36. f8=Q+ Rhxf8 37. Qh5 Qd5+ 38. Kg1 Qf7 39. Qh4 Qd5 40.
Qh5 Qf7 41. Qh4 Qe6 42. Qh5 Qe8 43. Qg4 Rd5 44. Re2 Qd7 45. Bf5 Qd6 46. Rh2 Rd2
47. Rh7+ Kg8 48. Rh8+ Kxh8 1/2-1/2

[Event "Aeroflot Open A"]
[Site "Moscow RUS"]
[Date "2011.02.10"]
[Round "3"]
[White "Paikidze, Nazi"]
[Black "Bocharov, Dmitry"]
[Result "0-1"]
[WhiteTitle "WGM"]
[BlackTitle "GM"]
[WhiteElo "2455"]
[BlackElo "2605"]
[WhiteFideId "13603620"]
[BlackFideId "4138716"]
[EventDate "2011.02.08"]

1. d4 Nf6 2. c4 e6 3. Nc3 Bb4 4. f3 c5 5. d5 b5 6. e4 O-O 7. e5 Ne8 8. f4 d6 9.
Nf3 Qe7 10. dxe6 Bxe6 11. cxb5 dxe5 12. fxe5 Nd7 13. Be2 c4 14. Bg5 Qc5 15. Qd4
Nc7 16. a4 a6 17. b6 Nxb6 18. Be3 Qxd4 19. Bxd4 Nd7 20. O-O Rab8 21. Nd2 Nc5 22.
Rad1 Bxc3 23. bxc3 Nxa4 24. Nxc4 Bxc4 25. Bxc4 Nb2 26. Bd3 Nxd1 27. Rxd1 Nb5 28.
Ra1 Rfd8 29. Bxb5 axb5 30. Bc5 Ra8 31. Rb1 Rd5 32. Bd4 Ra2 0-1

[Event "Aeroflot Open A"]
[Site "Moscow RUS"]
[Date "2011.02.10"]
[Round "3"]
[White "Zhao, Jun"]
[Black "Sethuraman, S.P."]
[Result "1/2-1/2"]
[WhiteTitle "GM"]
[BlackTitle "IM"]
[WhiteElo "2599"]
[BlackElo "2545"]
[WhiteFideId "8602522"]
[BlackFideId "5021596"]
[EventDate "2011.02.08"]

1. d4 d5 2. c4 c6 3. Nf3 Nf6 4. e3 Bg4 5. h3 Bxf3 6. Qxf3 e6 7. Bd3 Nbd7 8. Nc3
Bd6 9. cxd5 exd5 10. g4 O-O 11. g5 Ne8 12. h4 Bb4 13. Qf5 g6 14. Qh3 Ng7 15. Bd2
Re8 16. O-O-O Nf8 17. Kb1 a5 18. Ne2 Bxd2 19. Rxd2 a4 20. Rc2 Qd6 21. Qh2 Qxh2
22. Rxh2 f5 23. gxf6 Nh5 24. a3 Kf7 25. Rc1 Nd7 26. Nc3 Nhxf6 27. Rg1 Nb6 28.
Rg5 Nc8 29. Bc2 b5 30. Na2 Nd6 31. Nb4 Rac8 32. Rh3 Nde4 33. Bxe4 Nxe4 34. Rg2
c5 35. dxc5 Rxc5 36. Rh1 Nd2+ 37. Ka2 d4 38. exd4 Rf5 39. f4 Nc4 40. Rg5 Re2 41.
Rb1 Rxf4 42. Rxb5 Rxh4 43. Rb7+ Kg8 44. Nd5 Rh3 45. Ka1 Nd2 46. Nf4 Rb3 47. Ra7
Rf2 48. Rd1 Re3 49. Ka2 Nb3 50. Nd5 Ree2 51. Rb1 Nc1+ 52. Ka1 Nb3+ 53. Ka2 Nc1+ 1/2-1/2

[Event "Aeroflot Open A"]
[Site "Moscow RUS"]
[Date "2011.02.10"]
[Round "3"]
[White "Khader, Sami"]
[Black "Deviatkin, Andrei"]
[Result "0-1"]
[WhiteTitle "IM"]
[BlackTitle "GM"]
[WhiteElo "2450"]
[BlackElo "2573"]
[WhiteFideId "8100500"]
[BlackFideId "4121260"]
[EventDate "2011.02.08"]

1. d4 d5 2. c4 c6 3. Nf3 Nf6 4. Qc2 dxc4 5. e4 b5 6. b3 cxb3 7. axb3 e6 8. Bd2
b4 9. Bd3 h6 10. Bf4 Bb7 11. Nbd2 Be7 12. O-O O-O 13. Nc4 a5 14. Bxb8 Qxb8 15.
Nxa5 Qc7 16. Nxb7 Qxb7 17. Rfc1 Rxa1 18. Rxa1 Rd8 19. Bf1 c5 20. dxc5 Qxe4 21.
Qxe4 Nxe4 22. c6 Bc5 23. Ba6 Bxf2+ 24. Kf1 Bb6 25. Bb7 Bc7 26. Ra8 Rxa8 27. Bxa8
Kf8 28. Ke2 Nc5 29. Nd4 Bxh2 30. Nc2 Nxb3 31. Nxb4 Nd4+ 32. Kd3 Nb5 33. Bb7 Nc7
34. Bc8 h5 35. Nc2 Ke7 36. Bd7 g6 37. Nd4 f5 38. Nf3 Bd6 39. Ke2 Kf6 40. Nd2 Nd5
41. Nc4 Bc7 42. Na3 e5 43. Nb5 e4 44. Nd4 h4 45. Ne6 Nf4+ 46. Nxf4 Bxf4 47. Bc8
Bc7 48. Ba6 g5 49. Kd2 g4 50. Ke3 Ke5 51. Bc8 Bb6+ 52. Ke2 Kf4 53. Kf1 Kg5 54.
Be6 f4 55. Bg8 f3 56. gxf3 exf3 57. Be6 h3 0-1

[Event "Aeroflot Open A"]
[Site "Moscow RUS"]
[Date "2011.02.10"]
[Round "3"]
[White "Novikov, Stanislav"]
[Black "Pogonina, Natalija"]
[Result "1-0"]
[WhiteTitle "GM"]
[BlackTitle "WGM"]
[WhiteElo "2568"]
[BlackElo "2472"]
[WhiteFideId "4125371"]
[BlackFideId "4147855"]
[EventDate "2011.02.08"]

1. c4 e5 2. Nc3 c5 3. g3 Nc6 4. Bg2 g6 5. a3 a5 6. Nf3 Bg7 7. O-O Nge7 8. Ne1
O-O 9. Nc2 d6 10. Rb1 Be6 11. Ne3 f5 12. d3 Rb8 13. Ned5 Kh8 14. Bg5 Qd7 15.
Bxe7 Nxe7 16. b4 axb4 17. axb4 Bxd5 18. Bxd5 e4 19. Qc2 exd3 20. Qxd3 cxb4 21.
Rxb4 Nc6 22. Rb6 Ne5 23. Qd2 Qc7 24. Rb4 Nc6 25. Nb5 Qe7 26. Rb3 Ne5 27. Nd4
Rfc8 28. Rb4 Bf6 29. Rfb1 b6 30. R1b3 Qc7 31. e3 Re8 32. Kg2 Nd7 33. Nb5 Qc5 34.
Ra3 Ne5 35. Ra7 Re7 36. Ra6 Kg7 37. Nd4 Kh8 38. h3 Ree8 39. Nb5 Nd3 40. Rb1 Ne5
41. Qd4 Nd7 42. Qxc5 dxc5 43. Ra7 Re7 44. Rb3 Kg7 45. Rba3 h5 46. Rc7 Be5 47.
Rc6 Nf6 48. Ra6 Rd7 49. f4 Bb2 50. Nc7 Bc3 51. Kf3 Kh6 52. Nb5 Bb2 53. Ra2 Nxd5
54. cxd5 Bc1 55. d6 Re8 56. Re2 Re4 57. Rc7 Rd8 58. g4 1-0

[Event "Aeroflot Open A"]
[Site "Moscow RUS"]
[Date "2011.02.11"]
[Round "4"]
[White "Le, Quang Liem"]
[Black "Kamsky, Gata"]
[Result "1-0"]
[WhiteTitle "GM"]
[BlackTitle "GM"]
[WhiteElo "2664"]
[BlackElo "2730"]
[WhiteFideId "12401137"]
[BlackFideId "2000024"]
[EventDate "2011.02.08"]

1. d4 d5 2. c4 c6 3. Nf3 Nf6 4. Qb3 e6 5. Nc3 Nbd7 6. Bf4 a5 7. cxd5 exd5 8. e3
Nb6 9. Bd3 Bg4 10. Ne5 Bh5 11. O-O a4 12. Qc2 Bg6 13. e4 dxe4 14. Nxe4 Nxe4 15.
Bxe4 Be7 16. Bxc6+ bxc6 17. Qxc6+ Nd7 18. Nxg6 hxg6 19. Rfe1 O-O 20. Bc7 Nb8 21.
Bxd8 Nxc6 22. Bxe7 Nxe7 23. Rxe7 Rfd8 24. Rd1 a3 25. b3 Rac8 26. Kf1 Rd5 27. Rd2 1-0

[Event "Aeroflot Open A"]
[Site "Moscow RUS"]
[Date "2011.02.11"]
[Round "4"]
[White "Jakovenko, Dmitry"]
[Black "Mamedov, Rauf"]
[Result "1/2-1/2"]
[WhiteTitle "GM"]
[BlackTitle "GM"]
[WhiteElo "2718"]
[BlackElo "2660"]
[WhiteFideId "4122356"]
[BlackFideId "13401653"]
[EventDate "2011.02.08"]

1. d4 Nf6 2. c4 g6 3. Nc3 Bg7 4. e4 d6 5. h3 O-O 6. Nf3 e5 7. d5 Nh5 8. Nh2 Qe8
9. Be2 Nf4 10. Bf3 f5 11. g3 Nxh3 12. Bg2 Qf7 13. Qf3 fxe4 14. Qxf7+ Rxf7 15.
Be3 Nf4 16. gxf4 exf4 17. Bd2 f3 18. Bf1 Bf5 19. Nd1 Nd7 20. Ne3 h5 21. Rg1 Kf8
22. Nxf5 gxf5 23. Rg5 Bxb2 24. Rb1 Be5 25. Rxh5 Nc5 26. Be3 Kg7 27. Bxc5 dxc5
28. Rxb7 Kg6 29. Rh3 Rh7 30. Nxf3 exf3 31. Rxf3 Rh1 32. Re3 Kf6 33. Ke2 f4 34.
Rh3 Rg1 35. Rb1 Re8 1/2-1/2

[Event "Aeroflot Open A"]
[Site "Moscow RUS"]
[Date "2011.02.11"]
[Round "4"]
[White "Tomashevsky, Evgeny"]
[Black "Shomoev, Anton"]
[Result "1-0"]
[WhiteTitle "GM"]
[BlackTitle "GM"]
[WhiteElo "2695"]
[BlackElo "2557"]
[WhiteFideId "4147235"]
[BlackFideId "4135148"]
[EventDate "2011.02.08"]

1. d4 Nf6 2. c4 d6 3. Nc3 e5 4. Nf3 Nbd7 5. Bg5 Be7 6. e3 O-O 7. Qc2 Ne8 8. Bxe7
Qxe7 9. O-O-O f5 10. h4 Ndf6 11. Kb1 c5 12. g3 b6 13. Bg2 Bb7 14. Rhe1 g6 15.
Ka1 Nc7 16. Bh1 Rae8 17. Ng5 Bxh1 18. Rxh1 h6 19. Nh3 Ne6 20. d5 Ng7 21. f3 e4
22. Nf4 Qf7 23. Nb5 Rd8 24. fxe4 Nxe4 25. g4 a6 26. gxf5 axb5 27. Qxe4 Qxf5 28.
Qxf5 Rxf5 29. cxb5 Re8 30. Rh3 Kf7 31. Ne2 Rfe5 32. Nc3 Rxe3 33. Rxe3 Rxe3 34.
Na4 Re8 35. Nxb6 Rb8 36. Nc4 1-0

[Event "Aeroflot Open A"]
[Site "Moscow RUS"]
[Date "2011.02.11"]
[Round "4"]
[White "Kobalia, Mikhail"]
[Black "Riazantsev, Alexander"]
[Result "1-0"]
[WhiteTitle "GM"]
[BlackTitle "GM"]
[WhiteElo "2666"]
[BlackElo "2689"]
[WhiteFideId "4119150"]
[BlackFideId "4125029"]
[EventDate "2011.02.08"]

1. e4 c6 2. d4 d5 3. exd5 cxd5 4. c4 Nf6 5. Nc3 Nc6 6. Bg5 dxc4 7. Bxc4 h6 8.
Bh4 e6 9. Nf3 Be7 10. O-O O-O 11. Re1 b6 12. a3 Bb7 13. Qd3 Nh5 14. Bg3 Nxg3 15.
hxg3 Bf6 16. d5 exd5 17. Nxd5 Kh8 18. Rad1 Nd4 19. Ne5 Bxe5 20. Rxe5 Nc6 21.
Ree1 Qd6 22. Ba2 Rae8 23. Bb1 Rxe1+ 24. Rxe1 f5 25. Nf4 Qxd3 26. Ng6+ Kg8 27.
Bxd3 Rf6 28. Ne7+ Nxe7 29. Rxe7 Be4 30. Bxe4 fxe4 31. Rxa7 Rc6 32. Rb7 Rc1+ 33.
Kh2 Rc2 34. Rxb6 Rxf2 35. a4 Kf7 36. Rb3 e3 37. Rxe3 Rxb2 38. Ra3 Rb6 39. a5 Ra6
40. Kh3 Ke6 41. Kg4 Kd7 42. Kh5 Ke7 43. Kg4 Kd7 44. Kf5 Rf6+ 45. Ke5 Re6+ 46.
Kd5 Ra6 47. g4 Kc7 48. g5 Rg6 49. Rg3 Ra6 50. Rc3+ Kd7 51. Ra3 hxg5 52. Ke5 g4
53. g3 Ke7 54. Kf5 Kf7 55. Kxg4 Kg6 56. Kf4 Kf6 57. Ra4 Kf7 58. Kf5 Kf8 59. Kg5
Kg8 60. Ra1 Kf7 61. Rf1+ Ke7 62. Rf5 Rc6 63. g4 Rc4 64. Rf4 Rc6 65. Rb4 Kf7 66.
Rb7+ Kg8 67. Rb5 Kf7 68. Kf5 Rf6+ 69. Ke4 Rc6 70. Kd4 Rc1 71. Re5 Ra1 72. g5 Kg6
73. Kc4 Kh5 74. Kb5 Kg4 75. a6 Kf4 76. Rc5 g6 77. Kb6 Rb1+ 78. Rb5 Re1 79. a7
Re8 80. Ra5 Rd8 81. Kc6 Re8 82. a8=Q 1-0

[Event "Aeroflot Open A"]
[Site "Moscow RUS"]
[Date "2011.02.11"]
[Round "4"]
[White "Fedoseev, Vladimir3"]
[Black "Kasimdzhanov, Rustam"]
[Result "1/2-1/2"]
[WhiteTitle "IM"]
[BlackTitle "GM"]
[WhiteElo "2505"]
[BlackElo "2681"]
[WhiteFideId "24130737"]
[BlackFideId "14200244"]
[EventDate "2011.02.08"]

1. e4 e5 2. Nf3 Nf6 3. d4 Nxe4 4. Bd3 d5 5. Nxe5 Nd7 6. Ng4 Be7 7. Nd2 f5 8. Ne3
Ndf6 9. g3 O-O 10. Ng2 c5 11. O-O cxd4 12. Nb3 Qb6 13. a4 a5 1/2-1/2

[Event "Aeroflot Open A"]
[Site "Moscow RUS"]
[Date "2011.02.11"]
[Round "4"]
[White "Salgado Lopez, Ivan"]
[Black "Movsesian, Sergei"]
[Result "1/2-1/2"]
[WhiteTitle "GM"]
[BlackTitle "GM"]
[WhiteElo "2626"]
[BlackElo "2721"]
[WhiteFideId "2257327"]
[BlackFideId "310204"]
[EventDate "2011.02.08"]

1. e4 c5 2. Nf3 e6 3. d4 cxd4 4. Nxd4 Nc6 5. Nc3 Qc7 6. Be3 a6 7. Qd2 Nf6 8.
O-O-O Be7 9. f3 O-O 10. g4 b5 11. g5 Nh5 12. Nce2 Rd8 13. Ng3 Nxd4 14. Qxd4 Nf4
15. h4 Bb7 16. Qb6 Qb8 17. Kb1 d5 18. Bxf4 Qxf4 19. Qxb7 Bc5 20. exd5 Qxg3 21.
Bd3 1/2-1/2

[Event "Aeroflot Open A"]
[Site "Moscow RUS"]
[Date "2011.02.11"]
[Round "4"]
[White "Khismatullin, Denis"]
[Black "Vachier-Lagrave, Maxime"]
[Result "1/2-1/2"]
[WhiteTitle "GM"]
[BlackTitle "GM"]
[WhiteElo "2649"]
[BlackElo "2715"]
[WhiteFideId "4142578"]
[BlackFideId "623539"]
[EventDate "2011.02.08"]

1. c4 Nf6 2. Nc3 e5 3. Nf3 Nc6 4. g3 Nd4 5. Bg2 Nxf3+ 6. Bxf3 Bb4 7. Qb3 Bc5 8.
O-O O-O 9. Na4 Bd6 10. Rd1 Re8 11. d4 exd4 12. Rxd4 Be5 13. Rd1 d6 14. Bd2 1/2-1/2

[Event "Aeroflot Open A"]
[Site "Moscow RUS"]
[Date "2011.02.11"]
[Round "4"]
[White "Vitiugov, Nikita"]
[Black "Ragger, Markus"]
[Result "1-0"]
[WhiteTitle "GM"]
[BlackTitle "GM"]
[WhiteElo "2709"]
[BlackElo "2615"]
[WhiteFideId "4152956"]
[BlackFideId "1610856"]
[EventDate "2011.02.08"]

1. d4 d5 2. c4 c6 3. Nf3 Nf6 4. Nc3 dxc4 5. a4 Bf5 6. e3 e6 7. Bxc4 Bb4 8. O-O
Nbd7 9. Qe2 O-O 10. e4 Bg6 11. Bd3 Bh5 12. e5 Nd5 13. Nxd5 cxd5 14. Qe3 Bg6 15.
Bxg6 fxg6 16. Ng5 Re8 17. Qh3 Nf8 18. Qb3 a5 19. Be3 Rc8 20. g3 Qd7 21. h4 Rc4
22. Rfc1 Rec8 23. Rxc4 Rxc4 24. Qd1 Be7 25. Nh3 Qc6 26. Nf4 Qe8 27. b3 Rc6 28.
Kg2 b6 29. Rc1 Qc8 30. Rxc6 Qxc6 31. Ne2 Nd7 32. Kh2 Bb4 33. Nf4 Nf8 34. Qd3 Kf7
35. Qa6 Qc7 36. Nh3 Be7 37. Bg5 h6 38. Bxe7 Kxe7 39. Kg2 Kf7 40. Nf4 Nd7 41. Qb5
Nf8 42. Qd3 Qc8 43. Ne2 Kg8 44. Nc3 g5 45. hxg5 hxg5 46. Nb5 Qe8 47. Nd6 Qh5 48.
Qc2 g4 49. Qc6 Qg6 50. Qc7 Kh7 51. Qxb6 Qd3 52. Qa7 Qf3+ 53. Kg1 Qxb3 54. Qf7
Qf3 55. Qxf3 gxf3 56. Nb7 Nd7 57. g4 Nb6 58. Nc5 Kg6 59. Kh2 Kf7 60. Kg3 Nc8 61.
Kxf3 Ne7 62. Nb3 Nc6 63. Kf4 Kg6 64. f3 Kh6 65. Kg3 g5 66. Kf2 Kg6 67. Ke3 Kf7
68. Kd2 Ke8 69. Kc3 Ke7 70. Nc5 Nd8 71. Kd3 Nc6 72. Ke3 Kf7 73. Nd3 Kg7 74. Nc1
Nb4 75. Kd2 Nc6 76. Ne2 Kg6 77. Ke3 Nb4 78. Kd2 Nc6 79. Kc3 Nb8 80. Nc1 Nc6 81.
Nb3 Kf7 82. Kd3 Ke8 83. Ke2 Ke7 84. Kf1 Kf7 85. Kg1 Kg7 86. Kg2 Kh6 87. Kh3 Kh7
88. Kg3 Kh6 89. f4 gxf4+ 90. Kxf4 Kg6 91. Kf3 Kg5 92. Kg3 Kh6 93. Kh4 Kg6 94. g5
Ne7 95. Nxa5 Nf5+ 96. Kg4 Nxd4 97. Nb7 Nc6 98. Kf4 Nb4 99. Nc5 d4 100. Ke4 Nd5
101. Kxd4 Nc7 102. Ne4 Kf5 103. a5 Na6 104. Kc4 Kxe5 105. g6 1-0

[Event "Aeroflot Open A"]
[Site "Moscow RUS"]
[Date "2011.02.11"]
[Round "4"]
[White "Hess, Robert L"]
[Black "Bologan, Viktor"]
[Result "1/2-1/2"]
[WhiteTitle "GM"]
[BlackTitle "GM"]
[WhiteElo "2572"]
[BlackElo "2693"]
[WhiteFideId "2022036"]
[BlackFideId "13900048"]
[EventDate "2011.02.08"]

1. Nf3 c5 2. c4 Nc6 3. Nc3 g6 4. e3 Bg7 5. d4 d6 6. h3 Nf6 7. d5 Na5 8. e4 O-O
9. Bd3 e5 10. a3 b6 11. g4 a6 12. b4 cxb4 13. axb4 Nb7 14. Be3 a5 15. Qb1 Nd7
16. Nb5 Nb8 17. Nc3 Na6 18. Na4 Nxb4 19. Nxb6 Rb8 20. O-O h5 21. Nh2 Qh4 22. Be2
hxg4 23. Nxc8 Rfxc8 24. Bxg4 Rxc4 25. Rc1 Rxc1+ 26. Qxc1 Qd8 27. Qc4 Ra8 28. Nf3
Bf6 29. Qb5 Qe7 30. Bb6 Na6 31. Bd7 Nbc5 32. Bc6 Rb8 33. Rxa5 Qf8 34. Rxa6 Qc8
35. Ra8 Rxa8 36. Bxa8 Nxe4 37. Bc6 Qxh3 38. Nh2 Nc3 39. Bd7 Qh4 40. Qd3 e4 41.
Qd2 Be5 42. Ng4 Bg7 43. Ba5 f5 44. Ne3 Nb1 45. Be6+ Kh7 46. Ng2 Qh5 47. Qf4 Bc3
48. Bxc3 Nxc3 49. Qh2 Ne2+ 50. Kh1 Qxh2+ 51. Kxh2 Kg7 52. Ne3 Kf6 53. Nc4 Nf4
54. Bc8 1/2-1/2

[Event "Aeroflot Open A"]
[Site "Moscow RUS"]
[Date "2011.02.11"]
[Round "4"]
[White "Timofeev, Artyom"]
[Black "Jumabayev, Rinat"]
[Result "1/2-1/2"]
[WhiteTitle "GM"]
[BlackTitle "GM"]
[WhiteElo "2681"]
[BlackElo "2555"]
[WhiteFideId "4140419"]
[BlackFideId "13702661"]
[EventDate "2011.02.08"]

1. c4 Nf6 2. Nc3 e6 3. d4 Bb4 4. f3 d5 5. a3 Bxc3+ 6. bxc3 c5 7. cxd5 Nxd5 8.
dxc5 Qa5 9. e4 Nf6 10. Be3 O-O 11. Rb1 Rd8 12. Qb3 Nfd7 13. Rd1 Rf8 14. Bb5 a6
15. Bxd7 Bxd7 16. Qb4 Qc7 17. Ne2 Rc8 18. Kf2 Nc6 19. Qb6 Be8 20. Qxc7 Rxc7 21.
Nc1 Na5 22. Nd3 Ba4 23. Ra1 Bb5 24. Rhd1 Ba4 25. Re1 Bb5 26. Nc1 Rd8 27. a4 Be8
28. Ke2 Nc4 29. Nb3 e5 30. Red1 1/2-1/2

[Event "Aeroflot Open A"]
[Site "Moscow RUS"]
[Date "2011.02.11"]
[Round "4"]
[White "Bukavshin, Ivan"]
[Black "Volokitin, Andrei"]
[Result "1-0"]
[WhiteTitle "FM"]
[BlackTitle "GM"]
[WhiteElo "2458"]
[BlackElo "2678"]
[WhiteFideId "4199758"]
[BlackFideId "14107090"]
[EventDate "2011.02.08"]

1. d4 Nf6 2. c4 e6 3. Nc3 Bb4 4. Qc2 O-O 5. a3 Bxc3+ 6. Qxc3 b6 7. Bg5 Bb7 8. e3
d6 9. Ne2 Nbd7 10. Rd1 e5 11. Qc2 exd4 12. Nxd4 h6 13. Bh4 Re8 14. Nf5 Ne5 15.
Be2 Ng6 16. Bf3 Bxf3 17. gxf3 Nxh4 18. Nxh4 Re5 19. f4 Re4 20. Nf5 Qd7 21. Ng3
Re6 22. Rg1 Kh8 23. Nf5 Rg8 24. Rd4 Qc6 25. Ke2 Qe8 26. Qc3 Kh7 27. Qc2 Kh8 28.
Qc3 Kh7 29. Qc2 Kh8 30. Rg3 Re4 31. Kf1 Qe6 32. Qd3 Qxf5 33. f3 Rge8 34. fxe4
Nxe4 35. Rg2 Qh3 36. Kg1 Nc5 37. Qc3 Rxe3 38. Rd3 Re1+ 39. Qxe1 Qxd3 40. Qe8+
Kh7 41. Qxf7 Qb1+ 42. Kf2 Qxb2+ 43. Kf3 Qxa3+ 44. Kg4 Qc3 45. Re2 Qd3 46. Re7
Qd1+ 47. Kh4 Qg1 48. Qf5+ Qg6 49. Qxg6+ Kxg6 50. Rxc7 a5 51. Rc6 Ne4 52. Kg4 h5+
53. Kf3 Kf5 54. Ke3 Nf6 55. Rxd6 Ng4+ 56. Kd4 Nxh2 57. Rxb6 Kxf4 58. c5 Nf3+ 59.
Kd5 Ne5 60. Rb1 Nd7 61. c6 Nf6+ 62. Ke6 Ne8 63. Rb8 Nc7+ 64. Kd6 1-0

[Event "Aeroflot Open A"]
[Site "Moscow RUS"]
[Date "2011.02.11"]
[Round "4"]
[White "Grachev, Boris"]
[Black "Dubov, Daniil"]
[Result "1/2-1/2"]
[WhiteTitle "GM"]
[BlackTitle "IM"]
[WhiteElo "2660"]
[BlackElo "2459"]
[WhiteFideId "4129199"]
[BlackFideId "24126055"]
[EventDate "2011.02.08"]

1. d4 d5 2. c4 c6 3. e3 Nf6 4. Nf3 e6 5. b3 c5 6. cxd5 Nxd5 7. Bc4 Nc6 8. O-O
cxd4 9. Nxd4 Nxd4 10. Qxd4 Be7 11. Bb2 Bf6 12. Qd2 Bxb2 13. Qxb2 Qf6 14. Qxf6
Nxf6 15. Be2 Bd7 16. Bf3 Rb8 17. Rc1 Ke7 18. Nd2 Rhc8 19. Nc4 Bb5 20. Ne5 Rxc1+
21. Rxc1 Nd7 22. Nxd7 Bxd7 23. Kf1 1/2-1/2

[Event "Aeroflot Open A"]
[Site "Moscow RUS"]
[Date "2011.02.11"]
[Round "4"]
[White "Zvjaginsev, Vadim"]
[Black "Lenic, Luka"]
[Result "1/2-1/2"]
[WhiteTitle "GM"]
[BlackTitle "GM"]
[WhiteElo "2660"]
[BlackElo "2613"]
[WhiteFideId "4113403"]
[BlackFideId "14603853"]
[EventDate "2011.02.08"]

1. e4 c6 2. Nc3 d5 3. Qe2 dxe4 4. Nxe4 Bf5 5. d3 e6 6. g4 Bxe4 7. dxe4 Qa5+ 8.
Bd2 Qa4 9. Qc4 Qxc4 10. Bxc4 Nf6 11. f3 Nbd7 12. Nh3 h6 13. Nf2 Ne5 14. Be2 g5
15. h4 Rg8 16. Nh3 Nh7 17. O-O-O Rd8 18. hxg5 hxg5 19. Nf4 gxf4 20. Rxh7 Ng6 21.
Bc3 Rxd1+ 22. Kxd1 Bd6 23. Rh5 Nf8 24. e5 Bc7 25. Bd2 Ng6 26. Bd3 Nxe5 27. Bh7
Rg7 28. Bxf4 Kd7 29. Bxe5 1/2-1/2